00595nam a2200217 a 4500001001300000003000900013005001700022008004100039020001000080082002100090100002000111245006600131260003200197300000900229500003500238505001300273650001800286650002600304650002700330700002000357nice12345678IN_TiNIC20260116011551.0050524s1942 alla grp 000 0 eng  ac10000a324.2054082bNOM aNoman, Mohammad aMuslim Indiab Rise and Growth of the All India Muslim League aAllahabadbKitabistanc1942 a433p aincludes index and biblioraphy2 aAppendix aMuslim League aBritish-India Muslims aMuslims-India-Politics1 aNoman, Mohammad